000
00224 a2200097 4500
020
_a
84-329-9421-9
041
_a
spa
100
_a
M. Caiati - S. Delac - A. Muller
245
_a
juego libre en el jardin de infancia
942
_c
BK
999
_c
3630
_d
3630